Gaming Quiz

Random Gaming or Mario Quiz

Mario Party 9 Minigames Quiz Stats

 Plays Quiz not verified by Sporcle

Challenge
Share
Tweet
Embed
Score 0/80 Timer 20:00
0 Plays Today
Type Minigame % Correct
BossSock It to Lakitu
86.7%
Free-for-AllBuddy Bounce
83.3%
Free-for-AllLogger Heads
83.3%
Free-for-AllPizza Me, Mario
83.3%
BossWhomp Stomp
83.3%
BossDeck Dry Bones
83.3%
Free-for-AllToad and Go Seek
80%
Free-for-AllGoomba Bowling
80%
Free-for-AllMagma Mayhem
80%
BossBlooper Barrage
80%
Free-for-All10 to Win
76.7%
Free-for-AllUrn It
76.7%
BossWiggler Bounce
76.7%
BossKing Boo's Puzzle Attack
76.7%
Free-for-AllChain Event
73.3%
Free-for-AllBumper Bubbles
73.3%
Free-for-AllBillistics
73.3%
Free-for-AllFungi Frenzy
73.3%
1-vs-RivalsLine in the Sand
73.3%
1-vs-RivalsMob Sleds
73.3%
BossCheep Cheep Shot
73.3%
BossSpike Strike
73.3%
BossDiddy's Banana Blast
73.3%
BossBowser's Block Battle
73.3%
ExtraShell Soccer
73.3%
Free-for-AllPinball Fall
70%
Free-for-AllSkyjinks
70%
Free-for-AllMecha Choice
70%
Free-for-AllJigsaw Jumble
70%
Free-for-AllPlayer Conveyor
70%
1-vs-RivalsTackle Takedown
70%
BossBombard King Bob-omb
70%
BossChain Chomp Romp
70%
BossDK's Banana Bonus
70%
Free-for-AllGoomba Village
66.7%
Free-for-AllRing Leader
66.7%
Free-for-AllCard Smarts
66.7%
Free-for-AllTumble Temple
66.7%
Free-for-AllDon't Look
66.7%
Free-for-AllPier Pressure
66.7%
Type Minigame % Correct
Free-for-AllThwomper Room
66.7%
1-vs-RivalsHazard Hold
66.7%
1-vs-RivalsWeird Wheels
66.7%
Bowser Jr.Double Pounder
66.7%
BossBowser Jr. Breakdown
66.7%
Free-for-AllSpeeding Bullets
63.3%
Free-for-AllPianta Pool
63.3%
Free-for-AllSkipping Class
63.3%
Free-for-AllPeak Precision
63.3%
Free-for-AllPolar Extreme
63.3%
Free-for-AllTwist Ending
63.3%
Free-for-AllManor of Escape
63.3%
Free-for-AllSnow Go
63.3%
Free-for-AllPlunder Ground
63.3%
1-vs-RivalsBlock and Roll
63.3%
1-vs-RivalsHole Hogs
63.3%
Bowser Jr.Zoom Room
63.3%
Bowser Jr.Sand Trap
63.3%
Bowser Jr.Pedal to the Paddle
63.3%
Free-for-AllLaunch Break
60%
Free-for-AllGrowing Up
60%
Free-for-AllUpward Mobility
60%
Free-for-AllTuber Tug
60%
Free-for-AllBallistic Beach
60%
Free-for-AllBomb Barge
60%
Free-for-AllPiranha Patch
60%
Free-for-AllPit or Platter
60%
Free-for-AllGoomba Spotting
60%
1-vs-RivalsRuins Rumble
60%
1-vs-RivalsPix Fix
60%
Bowser Jr.Bowser Pop
60%
Bowser Jr.Bumper Sparks
60%
Free-for-AllSmash Compactor
56.7%
Free-for-AllFlinger Painting
56.7%
1-vs-RivalsSpike-n-Span
56.7%
Bowser Jr.Mecha March
56.7%
Bowser Jr.Cage Match
56.7%
ExtraCastle Clearout
56.7%
Bowser Jr.Crossfire Caverns
53.3%
Bowser Jr.Pair of Aces
53.3%

You're not logged in!

Compare scores with friends on all Sporcle quizzes.
Join for Free
OR
Log In

You Might Also Like...

Show Comments

Extras

Created Oct 13, 2013ReportNominate
Tags:Mario Quiz, mini game, mitigate, party

Top Quizzes Today


Score Distribution

Your Account Isn't Verified!

In order to create a playlist on Sporcle, you need to verify the email address you used during registration. Go to your Sporcle Settings to finish the process.

Report this User

Report this user for behavior that violates our Community Guidelines.

Details: